All Pokémon with Chlorophyll - Statistics

General Stats
  • This quiz has been taken 12 times
  • The average score is 35 of 38
Answer Stats
(Avail)ability Pokémon % Correct
First Ability Bellsprout
100%
Hidden Ability Bulbasaur
100%
Only Ability Cherubi
100%
Hidden Ability Cottonee
100%
First Ability Exeggcute
100%
First Ability Exeggutor
100%
First Ability Gloom
100%
First Ability Hoppip
100%
Hidden Ability Ivysaur
100%
First Ability Jumpluff
100%
Hidden Ability Leafeon
100%
First Ability Lilligant
100%
First Ability Nuzleaf
100%
First Ability Oddish
100%
First Ability Seedot
100%
First Ability Shiftry
100%
First Ability Skiploom
100%
First Ability Sunflora
100%
First Ability Sunkern
100%
First Ability Tangela
100%
First Ability Tangrowth
100%
Hidden Ability Venusaur
100%
First Ability Victreebel
100%
First Ability Vileplume
100%
First Ability Weepinbell
100%
Hidden Ability Whimsicott
100%
First Ability Bellossom
86%
First Ability Hisuian Lilligant
86%
Second Ability Leavanny
86%
First Ability Petilil
86%
Second Ability Swadloon
86%
First Ability Tropius
86%
Second Ability Sewaddle
71%
First Ability Capsakid
57%
First Ability Deerling
57%
Second Ability Maractus
57%
First Ability Sawsbuck
57%
First Ability Scovillain
57%
No matching quizzes found
Score Distribution
Percent of People with Each Score
Percentile by Number Answered
Your Score History
You have not taken this quiz